[Event "NM i sjakk for synshemmede (A)"]
[Site "Hurdal Syn og Mestringssenter"]
[Date "2026.05.02"]
[Round "5"]
[White "Norum, Per Ivar"]
[Black "Fuglerud, Sverre"]
[Result "1/2-1/2"]
[WhiteElo "1824"]
[BlackElo "1816"]
[PlyCount "74"]
[EventDate "2026.??.??"]

1. b3 d5 2. Nf3 c5 3. Bb2 Nc6 4. e3 e6 5. g3 Nf6 6. Bg2 Be7 7. c4 O-O 8. d4
cxd4 9. Nxd4 Bb4+ 10. Nd2 Bd7 11. O-O Nxd4 12. Bxd4 Be7 13. Rc1 Bc6 14. Nf3
dxc4 15. bxc4 b6 16. Qe2 Qc7 17. Rfd1 Nd7 18. e4 e5 19. Ba1 f6 20. Nh4 Nc5 21.
Nf5 Rfd8 22. Rd5 Bxd5 23. exd5 Bd6 24. g4 e4 25. h4 Nd3 26. Rc2 Nf4 27. Qe3
Nxg2 28. Kxg2 Re8 29. g5 Bf4 30. Qh3 Be5 31. Bxe5 Qxe5 32. gxf6 Qxf6 33. d6 Re5
34. Ne7+ Rxe7 35. dxe7 Qxe7 36. Kf1 Re8 37. Ke2 Qe6 1/2-1/2

[Event "NM i sjakk for synshemmede (A)"]
[Site "Hurdal Syn og Mestringssenter"]
[Date "2026.05.02"]
[Round "5"]
[White "Strand, Magnus"]
[Black "Vik, Olav"]
[Result "1/2-1/2"]
[WhiteElo "1741"]
[BlackElo "1642"]
[PlyCount "36"]
[EventDate "2026.??.??"]

1. e4 e6 2. Nf3 d5 3. Nc3 dxe4 4. Nxe4 Bd7 5. Bc4 Bc6 6. d3 Bxe4 7. dxe4 Qxd1+
8. Kxd1 Be7 9. b3 Nf6 10. Bd3 Nbd7 11. Be3 Nc5 12. Bxc5 Bxc5 13. Ke2 h6 14. h3
O-O-O 15. Rad1 Nd7 16. Rhe1 Bb4 17. Rf1 e5 18. c4 g6 1/2-1/2

[Event "NM i sjakk for synshemmede (B)"]
[Site "Hurdal Syn og Mestringssenter"]
[Date "2026.05.02"]
[Round "5"]
[White "Larssen, Johan"]
[Black "Prytz, Tormod"]
[Result "1/2-1/2"]
[WhiteElo "1584"]
[BlackElo "1567"]
[PlyCount "78"]
[EventDate "2026.??.??"]

1. d4 d5 2. c4 e6 3. Nc3 Nf6 4. Bg5 Be7 5. cxd5 Nxd5 6. Bxe7 Qxe7 7. e3 Nd7 8.
a3 O-O 9. Bd3 N7f6 10. Nf3 Nb6 11. O-O c5 12. Re1 c4 13. Bb1 Nbd5 14. Qa4 Nxc3
15. bxc3 Qc7 16. Ba2 Bd7 17. Qxc4 Qxc4 18. Bxc4 b5 19. Ba2 Rac8 20. Rac1 Ne4
21. c4 bxc4 22. Bxc4 Nd6 23. Ne5 Bb5 24. Bxb5 Nxb5 25. a4 Nc3 26. Rc2 Rfd8 27.
a5 f6 28. Nd3 Ne4 29. Nc5 Nxc5 30. dxc5 a6 31. f3 Rd5 32. Rec1 Rd3 33. Kf2 Ra3
34. c6 Rxa5 35. Rc5 Rb5 36. c7 Kf7 37. Rc6 Rb7 38. Rxa6 Rbxc7 39. Rxc7+ Rxc7
1/2-1/2

[Event "NM i sjakk for synshemmede (B)"]
[Site "Hurdal Syn og Mestringssenter"]
[Date "2026.05.02"]
[Round "5"]
[White "Søvik, Christer Sogn"]
[Black "Øyan, Oddvar"]
[Result "1/2-1/2"]
[WhiteElo "1431"]
[BlackElo "1599"]
[PlyCount "38"]
[EventDate "2026.??.??"]

1. d4 d5 2. Bf4 Nf6 3. e3 e6 4. Nf3 Bd6 5. Bg3 O-O 6. Bd3 Nc6 7. c3 Re8 8. Nbd2
e5 9. Nxe5 Nxe5 10. Bxe5 Bxe5 11. dxe5 Rxe5 12. Nf3 Re7 13. O-O b6 14. Re1 Bb7
15. Qc2 h6 16. h3 Qd6 17. Re2 Rae8 18. Rae1 c5 19. Qd2 Qc7 1/2-1/2

[Event "NM i sjakk for synshemmede (B)"]
[Site "Hurdal Syn og Mestringssenter"]
[Date "2026.05.02"]
[Round "5"]
[White "Viken, Ivar"]
[Black "Bolme, Magne O."]
[Result "1/2-1/2"]
[WhiteElo "1531"]
[BlackElo "1431"]
[PlyCount "59"]
[EventDate "2026.??.??"]

1. e4 e6 2. d4 d5 3. e5 c5 4. c3 cxd4 5. cxd4 Nc6 6. Nf3 Bb4+ 7. Bd2 Qb6 8. Nc3
Nge7 9. Bd3 O-O 10. O-O Nxd4 11. Bxh7+ Kh8 12. Nxd4 g6 13. Bxg6 Nxg6 14. Be3
Qd8 15. Qh5+ Kg7 16. Bh6+ Kg8 17. Bxf8 Qxf8 18. f4 Qg7 19. Rf3 Be7 20. Nde2 Bd7
21. Raf1 Bc6 22. f5 Bc5+ 23. Kh1 d4 24. fxg6 Bxf3 25. Rxf3 fxg6 26. Qg5 Rf8 27.
Nd1 Rxf3 28. gxf3 Be7 29. Qg4 Qf7 30. Kg2 1/2-1/2

[Event "NM i sjakk for synshemmede (C)"]
[Site "Hurdal Syn og Mestringssenter"]
[Date "2026.05.02"]
[Round "5"]
[White "Henriksen, Gunnar-Øyvind"]
[Black "Høyem, Erik August Arnet"]
[Result "1-0"]
[WhiteElo "1629"]
[BlackElo "1450"]
[PlyCount "77"]
[EventDate "2026.??.??"]

1. e4 d6 2. d4 Nf6 3. Nc3 g6 4. f4 Bg7 5. Nf3 O-O 6. Bd3 Bg4 7. O-O Nbd7 8. h3
Bxf3 9. Qxf3 c5 10. e5 dxe5 11. dxe5 Ne8 12. Qxb7 f6 13. Bc4+ Kh8 14. Rd1 Nc7
15. e6 Qb8 16. Qxb8 Nxb8 17. Nb5 Ne8 18. Bd5 a6 19. Bxa8 axb5 20. Rd8 Nc7 21.
Rxf8+ Bxf8 22. Bf3 Nxe6 23. Be3 Na6 24. a4 Nb4 25. axb5 Nxc2 26. Ra8 Nc7 27.
Rxf8+ Kg7 28. b6 Kxf8 29. bxc7 Nxe3 30. c8=Q+ Kg7 31. Qxc5 Nf5 32. g4 Nd6 33.
b4 Kf7 34. Bd5+ Ke8 35. Qc6+ Kf8 36. g5 fxg5 37. fxg5 Nf5 38. Qc8+ Kg7 39. Qg8#
1-0

[Event "NM i sjakk for synshemmede (C)"]
[Site "Hurdal Syn og Mestringssenter"]
[Date "2026.05.02"]
[Round "5"]
[White "Øyan, Arild"]
[Black "Hansen, Camilla"]
[Result "1/2-1/2"]
[WhiteElo "1465"]
[BlackElo "1418"]
[PlyCount "33"]
[EventDate "2026.??.??"]

1. c4 d6 2. d4 Nf6 3. Nc3 Bf5 4. Nf3 h6 5. e3 e6 6. Bd3 Bxd3 7. Qxd3 Be7 8. O-O
O-O 9. d5 e5 10. e4 a6 11. Be3 Nbd7 12. b4 Ng4 13. h3 Nxe3 14. Qxe3 Nf6 15. a4
Nh7 16. Rab1 Bg5 17. Nxg5 1/2-1/2

[Event "NM i sjakk for synshemmede (A)"]
[Site "?"]
[Date "2026.05.02"]
[Round "4"]
[White "Fuglerud, Sverre"]
[Black "Andreassen, Petter"]
[Result "1/2-1/2"]
[WhiteElo "1816"]
[BlackElo "1954"]
[PlyCount "125"]

1. c4 Nf6 2. d4 g6 3. Nc3 Bg7 4. Bf4 O-O 5. e3 c5 6. Nf3 cxd4 7. exd4 d5 8. Be2
dxc4 9. Bxc4 Bg4 10. Be2 Nd5 11. Nxd5 Qxd5 12. O-O Nc6 13. Be3 Rfd8 14. h3 Bxf3
15. Bxf3 Qd6 16. d5 Nb4 17. Qb3 Nxd5 18. Rfd1 e6 19. Rac1 b6 20. Rc2 Rd7 21.
Rcd2 Re8 22. Bg5 f6 23. Bxd5 exd5 24. Be3 Kh8 25. Bd4 f5 26. Bxg7+ Kxg7 27. Rd4
h6 28. Qc3 Kh7 29. Qf3 Qe5 30. Kf1 Qh2 31. g4 fxg4 32. hxg4 Qe5 33. Kg2 Kg7 34.
Qb3 Qf6 35. Qg3 Kh7 36. R1d2 Rf8 37. Qb3 Qe6 38. f3 Rfd8 39. Qd3 Qd6 40. Qb3
Qe5 41. Qd3 Re7 42. Rxd5 Rxd5 43. Qxd5 Qe1 44. Qd3 Qe5 45. a3 a5 46. b3 h5 47.
gxh5 Qg5+ 48. Kf2 Qxh5 49. Kg3 Re1 50. Qd7+ Kh6 51. Qh3 Rg1+ 52. Kh2 Rh1+ 53.
Kxh1 Qxh3+ 54. Rh2 Qxh2+ 55. Kxh2 Kg5 56. Kg2 Kf4 57. Kf2 b5 58. Ke2 Ke5 59.
Ke3 g5 60. Kd3 Kf4 61. Ke2 Kg3 62. Ke3 Kg2 63. Ke2 1/2-1/2